02399nam a22002777a 450000500170000000800410001702000180005804000070007604100080008308200180009110000300010924500200013925000060015926000260016530000240019136500580021552015130027365000300178665000250181665000260184165000250186770000320189294200120192499900190193695201660195520240307112050.0240307b ||||| |||| 00| 0 eng d a9789353945220 cAL aeng 223a339bBLAM aOlivier Blanchard9153367 aMacro Economics a7 aNoida bPearsonc2023 a564p.bPBc24x20cm. 2Economicsa8111b608.00c₹d760.00e20%f27-02-2024 aIn Macroeconomics, Blanchard presents a unified, global view of macroeconomics, enabling students to see the connections between goods markets, financial markets, and labor markets worldwide. Organized into two parts, the text contains a core section that focuses on short-, medium-, and long-run markets and three major extensions that offer more in-depth coverage of the issues at hand. From the major economic crisis and monetary policy in the United States, to the problems of the Euro area and growth in China, the text helps students make sense not only of current macroeconomic events but also of events that may unfold in the future.Distinguished Authorship. Olivier Blanchard is one of Pearson’s most notable economics authors and brings his years of experience and research of macroeconomic issues, including time as the chief economist at the International Monetary Fund, to the text. Comprehensive coverage of current events. Current macroeconomic events (such as Changes in the U.S. Natural Rate of Unemployment since 1990) are integrated into each chapter of the book within the text and detailed boxes. Each box shows students how they can use what they’ve learned to get an understanding of economics in the real world. Implications of the Equilibrium Model. Blanchard offers a unique, underlying model that shows the implications of equilibrium in three sets of markets: the goods market, the financial market, and the labor market, helping students understand the impact of equilibrium. aFinancial Markets9153355 aLabor Market9153356 aFiscal Policy9153357 aUnemployment9153358 aBLANCHARD (Olivier)9153359 2ddccBK c230133d230133 00102ddc40708ECOaALbALd2024-03-04eBiblios Book Point Surathkal Mangalore 575014g608.00l0o339 BLAMp077170r2024-03-07 00:00:00v760.00w2024-03-07yBK